Moving in and out of in-work poverty in the UK: an analysis of transitions, trajectories and trigger events (Record no. 509314)

000 -LEADER
fixed length control field 00449nam a2200145 4500
008 - FIXED-LENGTH DATA ELEMENTS--GENERAL INFORMATION
fixed length control field 190501b ||||| |||| 00| 0 eng d
100 ## - MAIN ENTRY--PERSONAL NAME
Personal name Hick, Rod
245 ## - TITLE STATEMENT
Title Moving in and out of in-work poverty in the UK: an analysis of transitions, trajectories and trigger events
260 ## - PUBLICATION, DISTRIBUTION, ETC. (IMPRINT)
Date of publication, distribution, etc 2018
300 ## - PHYSICAL DESCRIPTION
Extent p.661-682.
700 ## - ADDED ENTRY--PERSONAL NAME
Personal name Lanau, Alba
9 (RLIN) 4954
773 ## - HOST ITEM ENTRY
Main entry heading Journal of Social Policy
906 ## - LOCAL DATA ELEMENT F, LDF (RLIN)
Subject DIP Poverty - United Kingdom
942 ## - ADDED ENTRY ELEMENTS (KOHA)
Item type Articles
Holdings
Withdrawn status Lost status Source of classification or shelving scheme Damaged status Not for loan Permanent location Current location Date acquired Serial Enumeration / chronology Barcode Date last seen Koha item type
          Indian Institute of Public Administration Indian Institute of Public Administration 2019-05-01 47(4), Oct, 2018: p.661-682. AR119538 2019-05-01 Articles

Powered by Koha